Представление документа в формате RUSMARC

ПолеНазваниеЗначение
  Тип записи a
  Библиографический уровень m
001 Контрольный номер RU/CBS_UL/BASE/660928596
005 Дата корректировки 20240209174941.1
010 Индекс ISBN __
a ISBN
b Уточнения в пер.
d Цена 2 р. 50 к.
9 Тираж экз.
100 Данные общей обработки __
a Данные общей обработки 20201210d2020 ||| 0rusy0189 ca
101 Язык документа 0_
a Язык текста rus
102 Страна публикации __
a Страна публикации RU
105 Кодированные данные (монография) __
a Кодированные данные (монография) y###||||000|y
181 Поле кодированных данных: вид содержания _1
a Код вида содержания (ISBD) i#
b Код характеристики содержания (ISBD) #xxe##
d i
g x
h x
i e
2 Код системы (источник кода, отличный от ISBD) isbdcontent
182 Поле кодированных данных: тип средства _1
a Код типа средства (ISBD) n
2 Код системы (источник кода, отличный от ISBD) isbdmedia
200 Заглавие и сведения об ответственности 1_
a Заглавие Михаил Семенович Щепкин
b Общее обозначение материала Текст
e Сведения, относящиеся к заглавию жизнь и творчество
e Сведения, относящиеся к заглавию в 2 т.
g Последующие сведения об ответственности сост. Т. М. Ельницкая, О. М. Фельдман
g Последующие сведения об ответственности вступ. ст. О. М. Фельдмана
g Последующие сведения об ответственности коммент. Т. М. Ельницкая, Н. Ф. Панфилова, О. М. Фельдман
h Номер части Т. 1. "Записки актера Щепкина"; Переписка ; Рассказы М. С. Щепкина в обработке современников
w Текст (визуальный) : непосредственный
203 Вид содержания и тип средства __
a Вид содержания Текст
b Характеристика содержания визуальный
c Тип средства непосредственный
210 Выходные данные 1_
a Место издания Москва
c Издательство Искусство
d Дата издания 1984
215 Физическое описание __
a Объем 431 с.
c Иллюстрации/тип воспроизводства ил., 1 л. портр.
d Формат см.
300 Общие примечания __
a Общие примечания Под инв. номером 10480: 9н-1
333 Примечание о целевом назначении __
a Примечание о целевом назначении 16+
600 Персоналии _0
a Персоналии (Фамилия) Щепкин
b Персоналии (Имя, инициалы) М. С.
606 Тематические рубрики 0_
a Основная рубрика Щепкин, Михаил Семенович (1788-1863)
610 Ключевые слова 0_
a Ключевые слова театры русские
a Ключевые слова актеры
a Ключевые слова жизнь
a Ключевые слова творчество
a Ключевые слова записки
a Ключевые слова письма
686 Индексы других классификаций __
a Классификационный индекс 85.334.3(2)1
2 Код системы rubbk
801 Источник записи _0
a Страна RU
b Организация МБУК ЦБС
c Дата составления 20201210
g Правила каталогизации RCR
801 Источник записи _1
a Страна RU
b Организация МБУК ЦБС г. Ульяновска
c Дата составления 20201210
g Правила каталогизации RCR
899 Данные о местонахождении __
i Авторский знак Щ 58
j Расстановочный фильтр 85.33
901 Тип документа __
t Тип документа m
910 Корректоры записи __
a Корректор записи Тургенева